Sanskrit: (Record no. 208463)

MARC details
000 -LEADER
fixed length control field 00658nam a22001937a 4500
005 - DATE AND TIME OF LATEST TRANSACTION
control field 20250326125411.0
010 ## - LCCN (DPL NO)
LC control number ENG-143379
020 ## - INTERNATIONAL STANDARD BOOK NUMBER
Terms of availability 7795.00
International Standard Book Number 9788188643813
035 ## - SYSTEM CONTROL NUMBER
System control number EN-126911
037 ## - SOURCE OF ACQUISITION
Source of stock number/acquisition DBAD
082 ## - DEWEY DECIMAL CLASSIFICATION NUMBER
Edition number 1
Classification number 491.2
100 ## - MAIN ENTRY--PERSONAL NAME
Personal name Swain, Brajakishore
245 ## - TITLE STATEMENT
Title Sanskrit:
Remainder of title An Introductory Analysis/
Statement of responsibility, etc By Brajakishore Swain
250 ## - EDITION STATEMENT
Edition statement 1
260 ## - PUBLICATION, DISTRIBUTION, ETC. (IMPRINT)
Name of publisher, distributor, etc Akshaya Prakashan
Date of publication, distribution, etc 2021
Place of publication, distribution, etc Delhi
270 ## - ADDRESS
Address 208 M. G. House 2, Comunity Centre, Wazirpur Industrial Area
City Delhi
Postal code 110052
Telephone number 9818452269
Fax number 011-47049292
-- 011-47021664
Electronic mail address harish@akshayaprakashan.com
300 c# - PHYSICAL DESCRIPTION
Extent 260p.
Dimensions 22cm(hb)
942 ## - ADDED ENTRY ELEMENTS (KOHA)
Source of classification or shelving scheme Dewey Decimal Classification
Item type English Books
Call number suffix SWA
Classification part 491.2
Holdings
Withdrawn status Lost status Not for loan Collection code Home library Current library Date acquired Source of acquisition Cost, normal purchase price Full call number Barcode Copy number Cost, replacement price Koha item type
    Not For Loan Non-fiction D.B.Act.Division D.B.Act.Division 14/01/2025 Delivery of Books Act Division 795.00 491.2 SWA EN-126911 1 795.00 English Books

© Delhi Public Library
Hit Counter
free hit counter